| 000 | 01072nam a2200301 a 4500 | ||
|---|---|---|---|
| 001 | 34066 | ||
| 003 | BD-RjUL | ||
| 005 | 20211209052112.0 | ||
| 008 | 141115s1997 riua b 001 0 eng | ||
| 020 | _a9780821848579 | ||
| 035 | _a(BD-RjUL)34160 | ||
| 040 |
_aDLC _cDLC _dDLC _beng |
||
| 041 | _aeng | ||
| 082 | 0 | 0 |
_a519.2 _221 _bGRI 1997 |
| 100 | 1 |
_aGrinstead, Charles M. _q(Charles Miller), _d1952- _9113950 |
|
| 245 | 1 | 0 |
_aIntroduction to probability / _cCharles M. Grinstead, J. Laurie Snell. |
| 250 | _a2nd rev. ed. / | ||
| 260 |
_aProvidence, RI : _bAmerican Mathematical Society, _cc1997. |
||
| 300 |
_axi, 510 p. : _bill. ; _c26 cm. |
||
| 500 | _aRev. ed. of: Introduction to probability / J. Laurie Snell. 1st ed. c1988. | ||
| 504 | _aIncludes bibliographical references and index. | ||
| 650 | 0 |
_aProbabilities. _9113951 |
|
| 700 | 1 |
_aSnell, J. Laurie _q(James Laurie), _d1925- _9113952 |
|
| 700 | 1 |
_aSnell, J. Laurie _q(James Laurie), _d1925- _tIntroduction to probability. _9113953 |
|
| 942 |
_2ddc _cBK |
||
| 999 |
_c34066 _d34066 |
||